000 00565nam a2200181Ia 4500
005 20250109005837.0
008 240331s9999 xx 000 0 und d
020 _a9718953019
082 _bRAN
_24665
_a305.3
100 _aDavid, R.S
245 0 _aNation, Self and Citizenship:
_bAn Invitation to Philippine Sociology
260 _aQuezon City
_bDepartment of Sociology, College of Social Sciences and Philosophy, University of the Philippines
_c2002
300 _axiii, 368 p.,
650 _aPhilippines
650 _aSociology
650 _aNation
942 _cL
999 _c1561
_d1561